<?xml version="1.0" encoding="UTF-8"?>
<record
    xmlns:xsi="http://www.w3.org/2001/XMLSchema-instance"
    xsi:schemaLocation="http://www.loc.gov/MARC21/slim http://www.loc.gov/standards/marcxml/schema/MARC21slim.xsd"
    xmlns="http://www.loc.gov/MARC21/slim">

  <leader>02206njm a2200385Ia 4500</leader>
  <controlfield tag="001">25641</controlfield>
  <controlfield tag="003">IT-RoPAU</controlfield>
  <controlfield tag="005">20220918181203.0</controlfield>
  <controlfield tag="008">131025s9999    xx            000 0 und d</controlfield>
  <datafield tag="040" ind1=" " ind2=" ">
    <subfield code="a">IT-RoPAU</subfield>
  </datafield>
  <datafield tag="040" ind1=" " ind2=" ">
    <subfield code="c">IT-RoPAU</subfield>
  </datafield>
  <datafield tag="041" ind1=" " ind2=" ">
    <subfield code="a">ITALIANO</subfield>
  </datafield>
  <datafield tag="999" ind1=" " ind2=" ">
    <subfield code="c">103184</subfield>
    <subfield code="d">103184</subfield>
  </datafield>
  <datafield tag="999" ind1=" " ind2=" ">
    <subfield code="b">n.d.</subfield>
  </datafield>
  <datafield tag="100" ind1=" " ind2=" ">
    <subfield code="a">AA.VV.</subfield>
    <subfield code="9">794</subfield>
  </datafield>
  <datafield tag="100" ind1=" " ind2=" ">
    <subfield code="e">Autore musica</subfield>
    <subfield code="9">12938</subfield>
  </datafield>
  <datafield tag="100" ind1=" " ind2=" ">
    <subfield code="g">Codice autore musica SPICS: 12000</subfield>
    <subfield code="9">796</subfield>
  </datafield>
  <datafield tag="245" ind1=" " ind2=" ">
    <subfield code="a">Una donna due donne un certo numero di donne</subfield>
  </datafield>
  <datafield tag="250" ind1=" " ind2=" ">
    <subfield code="a">1a ed.</subfield>
  </datafield>
  <datafield tag="260" ind1=" " ind2=" ">
    <subfield code="a">TORINO</subfield>
  </datafield>
  <datafield tag="260" ind1=" " ind2=" ">
    <subfield code="b">CETRA</subfield>
    <subfield code="c">1975 [1a Ed.:1975 - Ed. Lingua Orig.: 1975]</subfield>
  </datafield>
  <datafield tag="300" ind1=" " ind2=" ">
    <subfield code="a">DISCO</subfield>
  </datafield>
  <datafield tag="300" ind1=" " ind2=" ">
    <subfield code="c">37 minuti (Testo:  pag.)</subfield>
  </datafield>
  <datafield tag="500" ind1=" " ind2=" ">
    <subfield code="a">Canzone italiana</subfield>
  </datafield>
  <datafield tag="505" ind1=" " ind2=" ">
    <subfield code="a">Articolo 29 della Costituzione - Non sono ancora una donna (4:00) - Io mi annoio (3:00) - Le torture (2:00) - Per piacere di pi&#xF9; al lui del momento (4:00) - Un certo numero di donne (3:00) - Un'amica (3:00) - Il mio corpo (4:00) - Spogliani (3:00) - E poi hai anche il coraggio di chiamarlo amore (4:00) - Vado via (4:00) - Non c'&#xE8; nessuna differenza (4:00) - La creazione della donna (5:00) - Una pillola (3:00) - Stornelli sul lavoro (6:00) - Si, lo so che &#xE8; quasi tutto (7:00) - Ah, la mama (2:00) - La favola di Maria (3:00) - Amore, ti amo... (3:00)</subfield>
  </datafield>
  <datafield tag="511" ind1=" " ind2=" ">
    <subfield code="a">Direttore d'orchestra: Casellato Giorgio</subfield>
  </datafield>
  <datafield tag="650" ind1=" " ind2=" ">
    <subfield code="a">CANZONE ITALIAN [DISCHI]</subfield>
    <subfield code="e">Codice MATERIA SPICS: 9950</subfield>
    <subfield code="9">12939</subfield>
  </datafield>
  <datafield tag="700" ind1=" " ind2=" ">
    <subfield code="a">Colli Ombretta</subfield>
    <subfield code="g">Codice interprete SPICS: 11558</subfield>
    <subfield code="e">Interprete</subfield>
    <subfield code="9">12940</subfield>
  </datafield>
  <datafield tag="700" ind1=" " ind2=" ">
    <subfield code="a">Gaber Giorgio</subfield>
    <subfield code="g">Codice autore musica SPICS: 10906</subfield>
    <subfield code="e">Autore musica</subfield>
    <subfield code="9">12941</subfield>
  </datafield>
  <datafield tag="700" ind1=" " ind2=" ">
    <subfield code="a">Colli Ombretta</subfield>
    <subfield code="g">Codice autore testo/musica SPICS: 11558</subfield>
    <subfield code="e">Autore testomusica</subfield>
    <subfield code="9">12942</subfield>
  </datafield>
  <datafield tag="700" ind1=" " ind2=" ">
    <subfield code="a">Simonetta</subfield>
    <subfield code="g">Codice autore testo/musica SPICS: 16111</subfield>
    <subfield code="e">Autore testo/musica</subfield>
    <subfield code="p">Non c'&#xE8; nessuna differenza - La creazione della donna - Una pillola</subfield>
    <subfield code="9">12943</subfield>
  </datafield>
  <datafield tag="700" ind1=" " ind2=" ">
    <subfield code="a">Melchiorre</subfield>
    <subfield code="g">Codice autore testo/musica SPICS: 16112</subfield>
    <subfield code="e">Autore testo/musica</subfield>
    <subfield code="p">Stornelli sul lavoro - Si, lo so che &#xE8; quasi tutto - Ah, la mama</subfield>
    <subfield code="9">12944</subfield>
  </datafield>
  <datafield tag="700" ind1=" " ind2=" ">
    <subfield code="a">Bosisio</subfield>
    <subfield code="g">Codice autore musica SPICS: 16113</subfield>
    <subfield code="e">Autore musica</subfield>
    <subfield code="p">La favola di Maria</subfield>
    <subfield code="9">12945</subfield>
  </datafield>
  <datafield tag="700" ind1=" " ind2=" ">
    <subfield code="a">Catilina</subfield>
    <subfield code="g">Codice autore testo/musica SPICS: 16114</subfield>
    <subfield code="e">Autore testo/musica</subfield>
    <subfield code="p">La favola di Maria</subfield>
    <subfield code="9">12946</subfield>
  </datafield>
  <datafield tag="942" ind1=" " ind2=" ">
    <subfield code="c">MD</subfield>
    <subfield code="2">ddc</subfield>
  </datafield>
  <datafield tag="952" ind1=" " ind2=" ">
    <subfield code="0">0</subfield>
    <subfield code="1">0</subfield>
    <subfield code="4">0</subfield>
    <subfield code="6">25641_000000000000000</subfield>
    <subfield code="7">1</subfield>
    <subfield code="a">SPICS</subfield>
    <subfield code="b">SPICS</subfield>
    <subfield code="d">2013-10-25</subfield>
    <subfield code="l">0</subfield>
    <subfield code="o">25641</subfield>
    <subfield code="r">2013-10-25 00:00:00</subfield>
    <subfield code="w">2013-10-25</subfield>
    <subfield code="y">MD</subfield>
    <subfield code="z">Progr. Ins.: 5515 / N.Vol.: 1 / Copie: 1 - Copia rara: n.d. / date import: 01.01.2014 - By Epidotti, Trombetti, Vaglietti</subfield>
  </datafield>
</record>
